Quizzes
Events
Quiz Creation
Community
Videos
Private Events
Remove Ads
Sign In
Join for FREE
Feedback
Dark Mode
Quiz Categories
Sports
Geography
Music
Movies
Television
Just For Fun
Miscellaneous
History
Literature
Language
Science
Gaming
Entertainment
Religion
Holiday
For Kids
Quiz Lab
Recent
Popular Today
Quiz Kudos Today
Editor Picks
Curator Picks
Quizzes by...
Day
Popularity
Type
Ratings
Length
Year
Community
Subscriptions
Recent Discussions
Orange Saloon
Badges
Playlists
Quests
Create
Leaderboards
Showdown
Live 5
Trivia Bingo
Activity
Puzzle Library
Sporcle Events
Private Events
Virtual Trivia
Globe League
Become a Host
Pub Owners
SporcleCon
Opinionation
Our Games
Videos
Blog
Mobile Apps
Partnerships
Remove Ads and Go Orange
Feedback
Literature
Harry Potter
A Song of Ice and Fire
The Hunger Games
Literary Character
Shakespeare
Book
Author
Novel
Poem
Young Adult
Children's Books
Play
Lord of the Rings
Literature
Harry Potter
A Song of Ice and Fire
The Hunger Games
Literary Character
Shakespeare
Book
Author
Novel
Poem
Young Adult
Children's Books
Play
Lord of the Rings
Random Quiz
Search Sporcle
×
Quiz Lab
Quiz Lab
Literature
Author
Type in answers that appear in a list
Type in answers that appear in a list
Classic
Best Score? Go Orange.
Literature alphabet soup - H Stats
Can you name the literature and authors beginning with 'H'?
By
Andrew77
8m
20 Questions
126 Plays
126 Plays
126 Plays
Comments
Comments
Give Quiz Kudos
Give Quiz Kudos
-
- Ratings
hide this ad
Replay
Link that replays current quiz
Next Quiz
Link to next quiz in quiz playlist
You Got
0%
They Got
Avg Score
44%
Avg Friend Score
Upgrade to see
Score Distribution
Jump to the score distribution portion of the page
Score
0/20
Timer
08:00
0
Plays Today
% Correct
Hamlet
92.6%
Henry V
74.6%
Half-Blood Prince
74.4%
Henry VI (Part 3)
72.1%
Henry VI (Part 2)
72.1%
Henry VI (Part 1)
72.1%
Heart of Darkness
69.7%
Henry IV (Part 2)
69.7%
Henry IV (Part 1)
69.7%
Henry VIII
63.1%
% Correct
Hard Times
53.3%
Ernest Hemingway (USA, 1954)
40.2%
Hawaii
33.6%
Thomas Hardy
18.1%
Evan Hunter (No. 47)
9.8%
Roger Hargreaves (No. 49)
8.7%
The Haunted Man and the Ghost's Bargain
8.2%
Arthur Hailey (No. 34)
7.4%
Gerard Manley Hopkins
6%
Seamus Heaney (Ireland, 1995)
5.7%
Quiz Playlist
Details
Report
Send in Message
Add To Playlist
Classic:
Type in answers that appear in a list
Last Updated: Jun 3, 2017
Quiz Scoreboard
CHALLENGE
Sign Up to Join the Scoreboard
Show All
Scores
Hide
Comments
May contain spoilers
Recently Published
Alphabetical 'K' Countries by Flag Minefield
by ylime102
Geography
3m
Pick 6: Fruits
by JohnFran
Miscellaneous
15s
Click the 1999 NBA Draft
by nibperrychub
Sports
2m
More to Explore
Quiz From the Vault
Featured Blog Post
15 Basketball Trivia Facts You Can Be March Mad About
hide this ad
You Might Also Like...
Tags
Alphabet Quiz
Author Quiz
soup
Today's Top Quizzes in Literature
Browse Literature
hide this ad
Today's Top Quizzes in Author
Browse Author
Top Contributed Quizzes in Literature
1
4-to-1 Blitz: Harry Potter
2
Pick 3: Harry Potter Hogwarts Quidditch Players
3
percy jackson logic puzzle
4
Jane Eyre Character Quotes
5
Season Plays
6
Harry Potter: Partnered Harry Trio Venn Diagram
7
Harry Potter Logic Quiz New
8
Cosmere Minesweeper
9
Literature Acrostic Puzzle
10
Percy Jackson Logic Puzzle (Hard!)
Explore More
Trending Topics
Marvel
Crossword
Disney
Harry Potter
NBA
Anime
Kpop
Country
Puzzle
NFL
WWE
Pokémon
The Office
Song
Soccer
hide this ad
More By:
Andrew77
Quiz
Plays
Rating
Category
Featured
Created
African Landlocked Countries Minefield
52,296
4.35
Geography
Sep 4, 2013
Who has scored more test runs than Bradman? @Feb20
4,918
4.53
Sports
Jul 26, 2013
Legends II: 50+ test batting ave @Feb20
3,432
5.00
Sports
Jul 30, 2013
Legends V: bowlers with 300+ test wickets @Feb20
2,179
5.00
Sports
Oct 16, 2013
Legends III: Test innings of 250+ @Jan20
2,054
5.00
Sports
Sep 2, 2013
Go to Creator's Profile
Score Distribution
Quiz Creator Spotlight
Andrew77
Follow
Send a Message
Quizzes Created
-
Created Quiz Play Count
-
More By This Creator
Popular Quizzes Today
1
Find the US States - No Outlines Minefield
2
Countries of Asia Without Outlines Minefield
3
Pick 6: Fruits
4
The Countries of the World
5
Alphabetical 'K' Countries by Flag Minefield
6
Click the 1999 NBA Draft
7
Find the US States
8
Match the Book to the Film X
More Literature Quizzes
Re: Zero Quiz - Difficulty Level: A Little Challenging
Quiz Lab
Trending Quizzes
Pick 6: Harry Potter
Pick 6: Mountains
Pick 6: NFL Teams
Pick 6: Movie Franchises
Pick 6: Golfers
Recently Updated
Women's Final Four Teams by Year
bhenderson79
Presidents Quartet II
eogle
Anything But Clue(do)
eogle
Anything But Oceanian Capitals
eogle
Anything But 7
eogle
Anything But Thing
eogle
Word Ladder: February 29
pecheneg
Song Title Questions
pecheneg
Women's NCAA Tournament #1 Seeds
pecheneg
Celebrity Mug Shots
pecheneg
Trending Topics
NBA
Anime
Crossword
Harry Potter
Kpop
Disney
Marvel
The Office
Puzzle
Song
Pokémon
NFL
WWE
Country
Soccer
Your Account Isn't Verified!
In order to create a playlist on Sporcle, you need to verify the email address you used during registration. Go to your
Sporcle Settings
to finish the process.
Report this User
Report this user for behavior that violates our
Community Guidelines
.
Details:
Send Report
Go to the Sporcle.com Mobile Site →
Comments